Elementary school organization and management /

Bibliographic Details
Main Author: Dougherty, James Henry, 1901-
Format: Book
Language:English
Published: New York : Macmillan, [1950]
Edition:Rev. ed.
Subjects:

MARC

Tag First Indicator Second Indicator Subfields
LEADER 00000cam a2200000 4500
001 in00000077400
005 20151008052735.0
008 711217s1950 nyu b 00000 eng u
010 |a  50008124  
035 |a (OCoLC)00184671 
035 |9 AAH4694AM 
040 |c WSU  |d TXA  |d UtOrBLW 
049 |a TXAM  |c 1 [181236]  |c 4 [227723] 
050 0 |a LB1555  |b .D6 1950 
092 |a 372  |b D732e, 1950 
100 1 |a Dougherty, James Henry,  |d 1901- 
245 1 0 |a Elementary school organization and management /  |c [by] James Henry Dougherty, Frank Hermon Gorman [and] Claude Anderson Phillips. 
250 |a Rev. ed. 
264 1 |a New York :  |b Macmillan,  |c [1950] 
264 4 |c [©1950] 
300 |a xi, 369 pages 
336 |a text  |b txt  |2 rdacontent 
337 |a unmediated  |b n  |2 rdamedia 
338 |a volume  |b nc  |2 rdacarrier 
504 |a Includes bibliographies. 
650 0 |a Education, Elementary. 
650 0 |a Teaching. 
650 0 |a School management and organization. 
999 |a MARS 
999 f f |s 0ce7617b-6d8e-305d-80e2-77953c2db9bf  |i e277fbef-43cb-30ee-ae43-3ce5b924c191  |t 0 
952 f f |p normal  |a Texas A&M University  |b College Station  |c Sterling C. Evans Library  |d Evans: Library Stacks  |t 0  |e LB1555 .D6 1950  |h Library of Congress classification  |i unmediated -- volume  |m A14800848374 
998 f f |a LB1555 .D6 1950  |t 0  |l Evans: Library Stacks